| 000 | 00894nam a22002297a 4500 | ||
|---|---|---|---|
| 003 | UA-OsUOA | ||
| 001 | 94532 | ||
| 007 | ta | ||
| 008 | 20130213b un ||||| |||| 00| 0 ukr d | ||
| 090 |
_a339.923(4+477) _bЕ45 |
||
| 942 | _cBK | ||
| 040 |
_aUA-OsUOA _bukr _cUA-OsUOA _dUA-OsUOA |
||
| 245 |
_aЕкономіка в контексті євроінтеграційних процесів: український вимір _bмонографія _cза заг. ред. Старіша О., Тумакової С. |
||
| 300 | _a410 с. | ||
| 955 | _a1 | ||
| 041 | _aukr | ||
| 080 | _a339.923(4+477) | ||
| 020 | _a978-966-179-013-0 | ||
| 260 |
_aСімферополь _bОджакъ _c2012 |
||
| 650 | 7 |
_a339.9 Міжнародна економіка взагалі. Міжнародні економічні зв'язки. Світове господарство _2UDC |
|
| 999 |
_c380775 _d380775 |
||